| 000 | 01533nam a2200241 a 4500 | ||
|---|---|---|---|
| 008 | 120416s1983 ||||||||||||||||| || u | ||
| 020 | _a0201078112 | ||
| 050 | _aHF 5661 Fra | ||
| 100 | _aFrancisco, Albert K | ||
| 245 | 1 | 0 | _aCPA review of theory and practice |
| 250 | _a1983-1984 | ||
| 260 |
_aReading, Mass. _bAddison-Wesley _c1983 |
||
| 300 | _axvi, 791p. | ||
| 350 | _a0.00 | ||
| 650 | _aACCOUNTING--EXAMINATIONS, QUESTIONS, ETC | ||
| 995 |
_aANNEX COLLECTION (Main Library) _D0.00 _e713099 _FCBU-MAIN LIBRARY (Kitwe) _H3 _I18.00 _jHF 5661 Fra _M1 _UAVAILABLE _y007290 _ZAnnex Low-Usage Collection |
||
| 995 |
_aANNEX COLLECTION (Main Library) _D0.00 _e713100 _FCBU-MAIN LIBRARY (Kitwe) _H1 _I18.00 _jHF 5661 Fra _UAVAILABLE _y007289 _ZAnnex Low-Usage Collection |
||
| 995 |
_aTEXTBOOKS (SB) _D0.00 _e1300 _FCBU-SCHOOL TEXTBOOK COLLECTIONS _H1 _I0.00 _jSCHOOL TEXTBOOK _M4 _UAVAILABLE _WSep 16, 2009 _y1300 _ZSchool Collections |
||
| 995 |
_aTEXTBOOKS (SB) _D0.00 _e1303 _FCBU-MAIN LIBRARY (Kitwe) _H1 _I0.00 _jSCHOOL TEXTBOOK _M7 _UAVAILABLE _WSep 16, 2009 _y1303 _ZSchool Collections |
||
| 995 |
_aANNEX COLLECTION (Main Library) _D0.00 _e713098 _FCBU-MAIN LIBRARY (Kitwe) _H2 _I18.00 _jHF 5661 Fra _M2 _UAVAILABLE _y007291 _ZAnnex Low-Usage Collection |
||
| 995 |
_aTEXTBOOKS (SB) _D0.00 _e1301 _FCBU-SCHOOL TEXTBOOK COLLECTIONS _H1 _I0.00 _jSCHOOL TEXTBOOK _M5 _UAVAILABLE _WSep 16, 2009 _y1301 _ZSchool Collections |
||
| 995 |
_aTEXTBOOKS (SB) _D0.00 _e1302 _FCBU-SCHOOL TEXTBOOK COLLECTIONS _H1 _I0.00 _jSCHOOL TEXTBOOK _M6 _UAVAILABLE _WSep 16, 2009 _y1302 _ZSchool Collections |
||
| 999 |
_c62495 _d62495 |
||